| 000 | 00827nam a22002417a 4500 | ||
|---|---|---|---|
| 001 | 3473 | ||
| 003 | FISKH | ||
| 005 | 20240307160748.0 | ||
| 008 | 240307b cb ||||| |||| 00| 0 eng d | ||
| 040 |
_aFISK _beng _cFISK _dFISK |
||
| 050 | _aPZ7.G8233 | ||
| 082 | _a813.6 | ||
| 100 |
_aGreen John _d1977- |
||
| 245 |
_aWill grayson, will grayson / _c John Green |
||
| 260 |
_aNew York : _bPenguin Books, _c2013 |
||
| 300 |
_a308 pages : _c20 cm |
||
| 505 | _aQ | ||
| 520 | _aWhen two teens, one gay and one straight, meet accidentally and discover that they share the same name, their lives become intertwined as one begins dating the other's best friend, who produces a play revealing his relationship with them both. | ||
| 521 | 8 |
_a930 _bLexile |
|
| 700 | _aJohn Green | ||
| 942 |
_2ddc _cBK _n0 |
||
| 999 |
_c3473 _d3473 |
||